|
|
|
|
| LEADER |
00000nam0a2200000 4500 |
| 001 |
197989 |
| 005 |
20231031183651.0 |
| 035 |
|
|
|a (RuTPU)RU\TPU\book\215955
|
| 090 |
|
|
|a 197989
|
| 100 |
|
|
|a 20110621d1974 km y0rusy5003 ca
|
| 101 |
0 |
|
|a rus
|
| 102 |
|
|
|a RU
|
| 105 |
|
|
|a a z 001zy
|
| 200 |
1 |
|
|a Геология месторождений драгоценных камней
|f Е. Я. Киевленко, Н. Н. Сенкевич, А. П. Гаврилов
|
| 210 |
|
|
|a Москва
|c Недра
|d 1974
|
| 215 |
|
|
|a 328 с.
|c ил., 4 л. ил.
|d 22 см
|
| 610 |
1 |
|
|a драгоценные камни
|
| 610 |
1 |
|
|a классификация
|
| 610 |
1 |
|
|a распространение
|
| 610 |
1 |
|
|a рубины
|
| 610 |
1 |
|
|a сапфиры
|
| 610 |
1 |
|
|a изумруды
|
| 610 |
1 |
|
|a опалы
|
| 610 |
1 |
|
|a берилл
|
| 610 |
1 |
|
|a топазы
|
| 610 |
1 |
|
|a турмалин
|
| 610 |
1 |
|
|a хризолит
|
| 610 |
1 |
|
|a гранаты
|
| 610 |
1 |
|
|a бирюза
|
| 610 |
1 |
|
|a аметист
|
| 610 |
1 |
|
|a хризопраз
|
| 610 |
1 |
|
|a минерагения
|
| 610 |
1 |
|
|a месторождения
|
| 610 |
1 |
|
|a геологическое строение
|
| 610 |
1 |
|
|a ювелирные камни
|
| 610 |
1 |
|
|a поделочные камни
|
| 610 |
1 |
|
|a самоцветы
|
| 675 |
|
|
|a 553.8
|z rus
|v 3
|
| 700 |
|
1 |
|a Киевленко
|b Е. Я.
|g Евгений Яковлевич
|4 070
|
| 701 |
|
1 |
|a Сенкевич
|b Н. Н.
|g Николай Николаевич
|
| 701 |
|
1 |
|a Гаврилов
|b А. П.
|g Алексей Петрович
|
| 801 |
|
0 |
|a RU
|b RuMRKP
|c 19950704
|g psbo
|
| 801 |
|
1 |
|a RU
|b 63413507
|c 20110621
|
| 801 |
|
2 |
|a RU
|b 63413507
|c 20150514
|g RCR
|
| 942 |
|
|
|c BK
|